Catalog

Record Details

Catalog Search



You better watch out  Cover Image Book Book

You better watch out / James S. Murray and Darren Wearmouth.

Summary:

"From international bestselling authors James S. Murray (better known as "Murr" on the hit TV show Impractical Jokers) and Darren Wearmouth, comes You Better Watch Out, a suspenseful, serial killer thriller that leaves you wondering, is Christmas really the best time of the year? Forty-eight hours until Christmas, Jessica Kane wakes up with blurred vision, ears ringing, and in excruciating pain. A gash in her head and blood running down her face, the last thing she remembers is going for a run and something or someone hitting her in the head. It doesn't take her long to realize she is trapped in an unknown, deserted town with five other strangers who share similar stories of being attacked and stranded there. Unsure why and how they got there, she knows one thing for certain, she has to find a way out. That becomes nearly impossible when someone is meticulously orchestrating their deaths, one by one, and the only thing Jessica can do is watch the life leave their eyes. The fenced-in town is the killer's very own playground and there's nowhere left to hide... she better watch out because she could be next"-- Provided by publisher.

Record details

  • ISBN: 9781250286260
  • ISBN: 1250286263
  • Physical Description: 228 pages ; 22 cm
  • Edition: First edition.
  • Publisher: New York : St. Martin's Press, 2024.
Subject: Serial murderers > Fiction.
Hostages > Fiction.
Survival > Fiction.
Christmas
Genre: Horror
Holiday
Thrillers (Fiction)
Novels.

Available copies

  • 1 of 1 copy available at scottsboropl.

Holds

  • 0 current holds with 1 total copy.
Show Only Available Copies
Location Call Number / Copy Notes Barcode Shelving Location Status Due Date
scottsboropl F Mur 32269001266058 Adult - Fiction Available -

LDR 02881cam a22004938i 4500
001164807
003SBPL
00520241024143917.0
008240426t20242024nyu 000 1 eng
010 . ‡a 2024019624
020 . ‡a9781250286260 ‡q(hardcover)
020 . ‡a1250286263 ‡q(hardcover)
035 . ‡a(OCoLC)1414164148
05000. ‡aPS3613.U763 ‡bY68 2024
08200. ‡a813/.6 ‡223/eng/20240426
1001 . ‡aMurray, James S. ‡q(James Stephen), ‡d1976-: ‡eauthor.
24510. ‡aYou better watch out / ‡cJames S. Murray and Darren Wearmouth.
250 . ‡aFirst edition.
263 . ‡a2410
264 1. ‡aNew York : ‡bSt. Martin's Press, ‡c2024.
300 . ‡a228 pages ; ‡c22 cm
336 . ‡atext ‡btxt ‡2rdacontent
337 . ‡aunmediated ‡bn ‡2rdamedia
338 . ‡avolume ‡bnc ‡2rdacarrier
520 . ‡a"From international bestselling authors James S. Murray (better known as "Murr" on the hit TV show Impractical Jokers) and Darren Wearmouth, comes You Better Watch Out, a suspenseful, serial killer thriller that leaves you wondering, is Christmas really the best time of the year? Forty-eight hours until Christmas, Jessica Kane wakes up with blurred vision, ears ringing, and in excruciating pain. A gash in her head and blood running down her face, the last thing she remembers is going for a run and something or someone hitting her in the head. It doesn't take her long to realize she is trapped in an unknown, deserted town with five other strangers who share similar stories of being attacked and stranded there. Unsure why and how they got there, she knows one thing for certain, she has to find a way out. That becomes nearly impossible when someone is meticulously orchestrating their deaths, one by one, and the only thing Jessica can do is watch the life leave their eyes. The fenced-in town is the killer's very own playground and there's nowhere left to hide... she better watch out because she could be next"-- ‡cProvided by publisher.
650 0. ‡aSerial murderers ‡vFiction.
650 0. ‡aHostages ‡vFiction.
650 0. ‡aSurvival ‡vFiction.
650 0. ‡aChristmas
655 7. ‡aHorror
655 7. ‡aHoliday
655 7. ‡aThrillers (Fiction) ‡2lcgft
655 7. ‡aNovels. ‡2lcgft
7001 . ‡aWearmouth, Darren,: ‡eauthor.
901 . ‡a164807 ‡bAUTOGEN ‡c164807 ‡tbiblio

Additional Resources